01654cam a22002894a 45000010005000000030008000050050017000130080039000300200015000690350018000840400032001020410008001340820032001421110109001742450143002832600064004263000039004905000139005295040051006686500092007197000037008118560157008489420012010059990015010179520165010329520167011973536BD-RjUL20211208233740.0131219s2003 enkab b 101 0 eng a184376122X a(BD-RjUL)3570 aDLCcDLCdDLCdBD-RjULbeng aeng00a333.910091724221bSYE 20032 aSymposium on Water Resource Management--Efficiency, Equity, and Policyd(2000 :cNicosia, Cyprus)91116814aThe economics of water management in developing countries :bproblems, principles and policies /cedited by Phoebe Koundouri ... [et al.]. aCheltenham, UK ;aNorthhampton, MA :bEdward Elgar,cc2003. axi, 278 p. :bill., maps ;c24 cm. aPapers presented at the Symposium on Water Resource Management--Efficiency, Equity, and Policy held in Nicosia, September 22-24, 2000. aIncludes bibliographical references and index. 0aWater resources developmentxEconomic aspectszDeveloping countriesvCongresses.9111531 aKoundouri, Phoebe,d1974-911154 uhttp://www.worldcat.org/title/economics-of-water-management-in-developing-countries-problems-principles-and-policies/oclc/51900564&referer=brief_results 2ddccBK c3536d3536 00102ddc40708NFICaRUCLbRUCLcStackd2006-04-13eDhaka, Paragon Enterprise Ltd.g68.00l0o333.910091724 SYE 2003r2013-12-19 00:00:00tC-3w2021-12-08yBK 00102ddc40718NFICaRUCLbRUCLcReadingd2006-04-13eDhaka,Paragon Enterprise Lit.,g68.00l0o333.910091724 SYE 2003r2016-12-21 00:00:00tC-1w2016-12-21yBK